Statistics for Countries That Contain E

Click here to take the quiz!

General Stats

  • This quiz has been taken 693 times
    (537 since last reset)
  • The average score is 69 of 87

Answer Stats

Answer% Correct
EuropeUnited Kingdom
94%
AfricaEgypt
91%
N.AmericaUnited States
90%
S.AmericaEcuador
89%
EuropeFrance
89%
EuropeGermany
89%
S.AmericaChile
88%
AfricaEthiopia
88%
N.AmericaMexico
88%
EuropeSweden
88%
AfricaAlgeria
87%
S.AmericaArgentina
87%
AfricaEritrea
87%
EuropeEstonia
87%
EuropeIceland
87%
EuropeIreland
87%
EuropeNetherlands
87%
AsiaUnited Arab Emirates
86%
EuropeBelgium
85%
EuropeGreece
85%
OceaniaNew Zealand
85%
EuropeBelarus
84%
EuropeSerbia
84%
EuropeDenmark
83%
N.AmericaDominican Republic
83%
EuropeLiechtenstein
83%
S.AmericaPeru
83%
AsiaTurkey
83%
EuropeUkraine
83%
S.AmericaVenezuela
83%
AsiaArmenia
82%
AfricaGuinea
81%
AsiaIndonesia
81%
AfricaNiger
81%
AsiaSouth Korea
81%
S.AmericaSuriname
81%
EuropeSwitzerland
81%
AsiaYemen
81%
AfricaEquatorial Guinea
80%
AfricaNigeria
80%
AsiaNorth Korea
80%
N.AmericaBelize
79%
AfricaD.R. Congo
79%
AsiaIsrael
79%
AsiaTurkmenistan
79%
AsiaAzerbaijan
78%
AfricaBenin
78%
AfricaCentral African Republic
78%
AsiaLebanon
78%
AfricaLesotho
78%
N.AmericaSaint Vincent and Grenadines
78%
AfricaSeychelles
78%
AsiaGeorgia
77%
AficaGuinea-Bissau
77%
EuropeMontenegro
77%
EuropeSlovenia
77%
AsiaVietnam
77%
EuropeCzech Republic
76%
N.AmericaEl Salvador
76%
OceaniaPapua New Guinea
76%
AsiaUzbekistan
76%
AfricaZimbabwe
76%
AfricaCape Verde
75%
N.AmericaGrenada
75%
N.AmericaGuatemala
75%
N.AmericaSaint Kitts And Nevis
75%
AsiaEast Timor
73%
AfricaKenya
73%
EuropeLuxembourg
73%
EuropeNorth Macedonia
73%
AfricaSierra Leone
73%
OceaniaFederated States of Micronesia
72%
AfricaLiberia
72%
AsiaNepal
72%
AfricaRepublic of Congo
72%
AfricaSenegal
72%
AfricaSáo Tomé And Principe
71%
AsiaBangladesh
70%
AfricaMozambique
70%
EuropeBosnia And Herzegovina
69%
AsiaMaldives
69%
AsiaPhilippines
69%
AsiaBrunei
68%
AsiaSingapore
68%
AfricaEswatini
67%
AfricaCameroon
65%
AfricaCote d'Ivoire
46%

Score Distribution

Percentile by Number Answered

Percent of People with Each Score

Your Score History

You have not taken this quiz since the last reset